Technical Communication Principles and Practice (Record no. 85)

MARC details
000 -LEADER
fixed length control field 00380nam a22001577a 4500
020 ## - INTERNATIONAL STANDARD BOOK NUMBER
International Standard Book Number 0-19-945749-2
041 ## - LANGUAGE CODE
Language code of text/sound track or separate title ENG
100 ## - MAIN ENTRY--PERSONAL NAME
Personal name Raman Meenakshi
245 ## - TITLE STATEMENT
Title Technical Communication Principles and Practice
250 ## - EDITION STATEMENT
Edition statement 3th Edition
260 ## - PUBLICATION, DISTRIBUTION, ETC. (IMPRINT)
Place of publication, distribution, etc New Delhi
Name of publisher, distributor, etc Oxford University Press
Date of publication, distribution, etc 2018
300 ## - PHYSICAL DESCRIPTION
Extent 498
650 ## - SUBJECT ADDED ENTRY--TOPICAL TERM
Topical term or geographic name as entry element English
700 ## - ADDED ENTRY--PERSONAL NAME
Personal name Sharma Sangeeta
856 ## - ELECTRONIC LOCATION AND ACCESS
Uniform Resource Identifier English
Holdings
Withdrawn status Lost status Source of classification or shelving scheme Damaged status Not for loan Home library Current library Shelving location Date acquired Cost, normal purchase price Total Checkouts Barcode Date last seen Date checked out Price effective from Koha item type
    Dewey Decimal Classification     College of Agricultural Engineering and Technology, Dapoli , Library College of Agricultural Engineering and Technology, Dapoli , Library General Stacks 30/11/2019 645.00 2 007575 20/10/2020 20/10/2020 20/10/2020 Books
    Dewey Decimal Classification     College of Agricultural Engineering and Technology, Dapoli , Library College of Agricultural Engineering and Technology, Dapoli , Library Book Cart 08/09/2022 699.00   008133 08/09/2022   08/09/2022 Books

Contact Us: College of Agricultural Engineering and Technology, Dapoli, Dist.- Ratnagiri
Website: https://dbskkv.org Email: caetlibrary2015@gmail.com